|
|
|
|
| LEADER |
00000nab a2200000 a 4500 |
| 001 |
vtls000361336 |
| 003 |
SK-MaSNL |
| 005 |
20260304150742.0 |
| 008 |
250424c1988 xo 0 slo |
| 015 |
|
|
|a SNBRA19rr/mm-uuuuu
|
| 035 |
|
|
|a CL0361458
|
| 035 |
|
|
|a urn:nbn:sk:snk-ab8rp
|
| 035 |
|
|
|a (urnnbn)urn:nbn:sk:snk:ar-005v4k
|
| 035 |
|
|
|a (uuid)a8aa552a-25d6-4a74-bf1a-11517f3b4bc7
|
| 040 |
|
|
|a SNKBUCL
|b slo
|c SNKBUCL
|e AACR2
|
| 041 |
0 |
|
|a ger
|
| 044 |
|
|
|a xo
|c SK
|
| 080 |
|
|
|a 630 52
|2 1981
|
| 100 |
1 |
|
|a Fiedler, Fritz
|4 aut
|9 1471753
|
| 245 |
1 |
0 |
|a Eliminierung von witterungsbedingten Radius- swánkungen an Schäften von Waldbäumen bei Zuwachsauswertungen nach Methoden der Zuwachsfeinmessung
|c Fritz Fiedler
|
| 300 |
|
|
|b Obr. 4. Tb. 1. Res. slov., rus., angl., lit. 1 zázn. v nem.
|
| 650 |
0 |
7 |
|a lesy
|2 snkbucl
|9 1437
|
| 650 |
0 |
7 |
|a lesné stromy
|2 snkbucl
|9 70470
|
| 655 |
|
7 |
|a články zo zborníkov
|2 snkbucl
|9 166140
|
| 773 |
0 |
|
|t Folia dendrologica 15
|d Bratislava : Veda, 1988
|g S. 177-185
|
| 850 |
|
|
|a Slovenská národná knižnica
|
| 852 |
|
|
|a Slovenská národná knižnica
|
| 958 |
|
|
|a article27
|
| 958 |
|
|
|a RK
|
| 958 |
|
|
|a OND
|
| 958 |
|
|
|a EUIPO
|
| 992 |
|
|
|a RZB
|
| 999 |
|
|
|c 2939430
|d 2941360
|